Catálogo público

Agricultural history review : (Record no. 76704)

MARC details
000 -CABECERA
campo de control de longitud fija 00971cas a22003017a 4500
001 - NÚMERO DE CONTROL
campo de control 000079520
005 - FECHA Y HORA DE LA ÚLTIMA TRANSACCIÓN
campo de control 20220329142004.0
008 - DATOS DE LONGITUD FIJA--INFORMACIÓN GENERAL
campo de control de longitud fija 981124c1953 enkfr p rnn 0 1b1eng d
010 ## - NÚMERO DE CONTROL DE LA BIBLIOTECA DEL CONGRESO
Número de control de LC 76704
011 ## - ENLACE DEL NUMERO DE CONTROL DE LA BIBLIOTECA DEL CONGRESO [OBSOLETO]
Número de control de LC 77676
022 0# - NÚMERO INTERNACIONAL NORMALIZADO PARA PUBLICACIONES SERIADAS
Número Internacional Normalizado para Publicaciones Seriadas 0002-1490
035 ## - NÚMERO DE CONTROL DEL SISTEMA
Número de control de sistema 87340
210 0# - TÍTULO ABREVIADO
Título abreviado Agric. hist. rev.
245 04 - MENCIÓN DE TÍTULO
Título Agricultural history review :
Resto del título A journal of agricultural and rural history.
260 ## - PUBLICACIÓN, DISTRIBUCIÓN, ETC.
Lugar de publicación, distribución, etc. London :
Nombre del editor, distribuidor, etc. British Agricultural History Society,
Fecha de publicación, distribución, etc. 1953-.
300 ## - DESCRIPCIÓN FÍSICA
Extensión v. :.
310 ## - PERIODICIDAD ACTUAL
Periodicidad actual Semestral
362 0# - FECHAS DE PUBLICACIÓN Y/O DESIGNACIÓN SECUENCIAL
Fecha de publicación y/o designación secuencial v.46 Part.1, 1974
545 ## - DATOS BIOGRÁFICOS O HISTÓRICOS
Datos biográficos o históricos Algunos números tienen suplemento
590 ## - NOTA LOCAL (RLIN)
Nota local BATCH-UPD
Procedencia (VM) [OBSOLETO] 10
Condición del los carretes individuales (VM) [OBSOLETO] 20130110
-- UCH01
-- 2338
590 ## - NOTA LOCAL (RLIN)
Nota local BATCH-UPD
Procedencia (VM) [OBSOLETO] 10
Condición del los carretes individuales (VM) [OBSOLETO] 20130410
-- UCH01
-- 1627
590 ## - NOTA LOCAL (RLIN)
Nota local CONVERSION
Procedencia (VM) [OBSOLETO] 10
Condición del los carretes individuales (VM) [OBSOLETO] 20130109
-- UCH01
-- 1342
590 ## - NOTA LOCAL (RLIN)
Nota local E5765TAJ
Procedencia (VM) [OBSOLETO] 10
Condición del los carretes individuales (VM) [OBSOLETO] 20140130
-- UCH01
-- 1345
650 14 - PUNTO DE ACCESO ADICIONAL DE MATERIA--TÉRMINO DE MATERIA
Término de materia o nombre geográfico como elemento de entrada Agricultura
Subdivisión general Historia
-- Publicaciones periodicas.
9 (RLIN) 1525
856 ## - LOCALIZACIÓN Y ACCESO ELECTRÓNICOS
Especificación de materiales http://www.bahs.org.uk/AGHRvolumes.html
Nota pública Teclea aqui
901 ## - ELEMENTOS DE DATOS A LOCAL LDA (RLIN)
a SE
942 ## - ELEMENTOS DE PUNTO DE ACCESO ADICIONAL (KOHA)
Suprimir en OPAC 0

No items available.